00493nam a2200181Ia 450000500170000000800410001702000130005808200130007110000180008424500180010225000080012026000360012830000130016465000150017794200060019295200980019899900150029620250310055616.0240331s9999 xx 000 0 und d a70303267 bAYIa891 aAyithmathaw,C 0aGuru geethaya a2nd aMoscowbRaibow publishersc1983 a119 p ., aLove story cL 001040708LaWERCLbWERCLcSSCd2024-03-31l0o 891.48 AYIp4348r2024-03-31w2024-03-31yL c4837d4837